Edward Norton Movies - Statistics

General Stats
  • This quiz has been taken 763 times
    693 since last reset
  • The average score is 8 of 24
Answer Stats
Year Movie % Correct
1999 Fight Club
89%
1998 American History X
85%
2008 The Incredible Hulk
65%
1996 Primal Fear
57%
2003 The Italian Job
39%
2006 The Illusionist
37%
2002 25th Hour
35%
1998 Rounders
35%
2002 Red Dragon
32%
2001 The Score
32%
2012 Moonrise Kingdom
28%
2000 Keeping the Faith
26%
2002 Death to Smoochy
25%
1996 The People vs Larry Flynt
24%
2006 The Painted Veil
22%
2012 The Bourne Legacy
20%
1996 Everyone Says I Love You
19%
2009 Leaves of Grass
18%
2010 Stone
18%
2002 Frida
16%
2005 Down in the Valley
15%
2005 Kingdom of Heaven
15%
2008 Pride and Glory
14%
2009 The Invention of Lying
9%
No matching quizzes found
Score Distribution
Percent of People with Each Score
Percentile by Number Answered
Your Score History
You have not taken this quiz since the last reset